Responses for Show #2103 - Wednesday, October 27, 1993

Rachael Schwartz game 4.

Contestants

[<< previous game]

Bob Schwartz, a teacher from Thousand Oaks, California

Kathleen Shilkret, a public relations officer originally from Philadelphia, Pennsylvania

Rachael Schwartz, an attorney from Bedminster, New Jersey (whose 3-day cash winnings total $27,699)

[next game >>]

Jeopardy! Round responses

THE 1850s
MOVIE TRIVIA
FRENCH MENU
WORLD FACTS
FACIAL HAIR
IN OTHER WORDS...
    $100 15
the Mississippi

Kathleen
    $100 12
Groucho Marx

Rachael
    $100 1
in season

Rachael
    $100 16
Rome

Bob
    $100 6
eyebrows

Rachael
    $100 7
right as rain

Rachael
    $200 22
Utah

Rachael
    $200 13
...
(Alex: Popular series...[*].)

McCloud

Triple Stumper
    $200 2
mango

Rachael
    $200 17
Switzerland

Rachael
    $200 18
peach fuzz

Bob
    $200 8
(Kathleen: What the...what is "the doctor called for"?)

just what the doctor ordered

RachaelKathleen
    $300 26
the Capitol building

Triple Stumper
    $300 14
Giant

Bob
    $300 3
watermelon

Kathleen
    $300 23
Indonesia

Rachael
    $300 19
(Kathleen: What are side--what are bur--hmm...no. I was gonna say "sideburns".)

mutton chops

RachaelKathleen
    $300 9
little pitchers have big ears

Bob
    $400 27
...
(Pick a London park, and you'll probably come up with [*].)

Hyde Park

Triple Stumper
    $400 29
Key Largo

Kathleen
    $400 4
cauliflower

Kathleen
    $400 24
the Pacific

Kathleen
    $400 20
mustachioed

Bob
    $400 10
(Bob: [*]?)
(Alex: And remember the phrasing.)
(Bob: What is... what is [*]?)
(Alex: All right.)

know which way the wind is blowing

Bob
    $500 28
the Crimean War

Kathleen
    $500 30
Reds

Kathleen
    $500 5
(Kathleen: What are onions?)
...
(Alex: Kathleen realizes now that she should have said [*], yes.)

leeks

Kathleen
Triple Stumper
    $500 25
India

Bob
    $700 21
Van Dyke

Bob
    $500 11
get off on the right foot

Kathleen

Scores at the first commercial break (after clue 15):

Rachael Kathleen Bob
$800 $600 $1,000

Scores at the end of the Jeopardy! Round:

Rachael Kathleen Bob
$1,800 $2,100 $2,900

Double Jeopardy! Round responses

AMERICAN INDIANS
SCIENCE
WORDS
ORGANIZATIONS
MUSIC
SHAKESPEARE'S WOMEN
    $200 6
Virginia

Rachael
    $200 22
milk

Kathleen
    $200 11
hail

Bob
    $200 16
Young Men's Christian Association

Rachael
    $200 17
9

Bob
    $200 1
Juliet

Kathleen
    $400 7
Seminoles

Kathleen
    $400 23
Mercury and Venus

Bob
    $400 12
magazine

Bob
    $400 27
the American Legion

Bob
    $400 18
octave

Bob
    $400 2
(Kathleen: Who is Ophelia?)

Gertrude

RachaelKathleen
    $600 8
ghost dance

Bob
    $600 24
square

Rachael
    $600 13
Maine

Bob
    $600 30
the National Organization for Women

Bob
    $600 19
1

Bob
    $600 3
Richard III

Rachael
    $800 9
the Crow

Kathleen
    $800 25
(Bob: What is asbestos?)

talc

Bob
Triple Stumper
    $800 14
franchise

Rachael
    $800 29
the ACLU

Kathleen
    $800 20
nocturne

Rachael
    $800 4
The Tempest

Kathleen
    $1000 10
(Bob: Who is Sitting Bull?)

Cochise

RachaelBob
    $1,400 26
Europe, Africa, and Antarctica

Rachael
    $1000 15
schnauzer

Bob
    $3,500 28
(Bob: What is The Elks?)

Rotary International

Bob
    $1000 21
Sibelius

Rachael
    $1000 5
Titania

Rachael

Scores at the end of the Double Jeopardy! Round:

Rachael Kathleen Bob
$9,800 $4,900 $3,000
(lock-tie game)

[wagering suggestions for these scores]

Final Jeopardy! Round responses

BILLIONAIRES
BobWhat are the Rockefellers?
$2,995
KathleenWhat are the Waltons
$4,900
RachaelWhat are the Rockefellers?
$0
the Waltons

Final scores:

Rachael Kathleen Bob
$9,800 $9,800 $5
4-day co-champion: $37,499 New co-champion: $9,800 2nd place: a trip to the Bahamas on Delta + a week at Bahamas Princess Resort and Casino in Freeport + Jeopardy! '92 home game

Game dynamics:

Coryat scores:

Rachael Kathleen Bob
$9,400 $4,900 $6,300
21 R
(including 1 DD),
0 W
14 R,
4 W
19 R
(including 1 DD),
3 W
(including 1 DD)

Combined Coryat: $20,600

[game clues] [game scores] [suggest correction]

Game tape date: 1993-08-24
The J! Archive is created by fans, for fans. Scraping, republication, monetization, and malicious use prohibited; this site may use cookies and collect identifying information. See terms. The Jeopardy! game show and all elements thereof, including but not limited to copyright and trademark thereto, are the property of Jeopardy Productions, Inc. and are protected under law. This website is not affiliated with, sponsored by, or operated by Jeopardy Productions, Inc. Join the discussion at JBoard.tv.